[Event "Andorra Open"]
[Site "Andorra"]
[Date "1993.??.??"]
[Round "7"]
[White "Marin, Mihail"]
[Black "Gurevich, Vladimir"]
[Result "1/2-1/2"]
[WhiteElo "2515"]
[BlackElo "2425"]
[PlyCount "53"]
[EventDate "1993.06.??"]
[Source "www.chesslib.no"]
[SourceDate "2004.05.04"]

1. d4 Nf6 2. c4 e6 3. g3 c5 4. d5 exd5 5. cxd5 d6 6. Nc3 g6 7. Nf3 Bg7 8. Bg2 O-O 9. O-O a6 10. a4 Nbd7 11. Nd2 Re8 12. Nc4 Nb6 13. Na3 Bd7 14. Bd2 Rb8 15. Qc2 Qe7 16. a5 Nc8 17. Nc4 Bb5 18. b3 Nd7 19. Rab1 Ne5 20. Ne4 Bxc4 21. bxc4 b5 22. cxb5 axb5 23. Bg5 f6 24. Bf4 Na7 25. Bh3 f5 26. Ng5 b4 27. e4 1/2-1/2

[Event "Serbia"]
[Site "?"]
[Date "2003.??.??"]
[Round "?"]
[White "Abramovic, B."]
[Black "Antic, D."]
[Result "0-1"]
[WhiteElo "2474"]
[BlackElo "2466"]
[PlyCount "82"]
[EventDate "2003.??.??"]
[Source "Chess Informant"]
[SourceDate "2003.10.01"]

1. d4 Nf6 2. c4 c5 3. d5 g6 4. Nc3 Bg7 5. g3 O-O 6. Bg2 d6 7. Nf3 e6 8. O-O exd5 9. cxd5 a6 10. a4 Nbd7 11. Nd2 Re8 12. h3 Rb8 13. Nc4 Ne5 14. Na3 Nh5 15. Kh2 f5 16. f4 Nf7 17. e3 Bd7 18. Qd3 Nf6 19. Rb1 h5 20. b4 h4 21. gxh4 Ne4 22. Nxe4 fxe4 23. Qd1 Qxh4 24. bxc5 Ne5 25. Bd2 Nf3+ 26. Rxf3 exf3 27. Qxf3 Bf5 28. Rb6 dxc5 29. Nc4 Rbd8 30. Nd6 Rxd6 31. Rxd6 c4 32. Qf1 c3 33. Bc1 Bf8 34. Rb6 Bc5 35. Re6 Bxe6 36. dxe6 b6 37. Qd3 Qf6 38. Bc6 Re7 39. Qxa6 Qxe6 40. Qa8+ Kg7 41. e4 Qa2+ 0-1

[Event "Camp. olandese open"]
[Site "Dieren OLA"]
[Date "2007.08.02"]
[Round "9"]
[White "Siebrecht, S."]
[Black "Reinderman, D."]
[Result "1-0"]
[WhiteElo "2431"]
[BlackElo "2506"]
[PlyCount "177"]
[EventDate "2007.07.24"]
[Source "www.chesslib.no"]
[SourceDate "2004.05.04"]

1. d4 Nf6 2. Nf3 g6 3. c4 Bg7 4. g3 c5 5. d5 e6 6. Bg2 exd5 7. cxd5 d6 8. O-O O-O 9. Nc3 Re8 10. Nd2 a6 11. a4 Nbd7 12. h3 Rb8 13. Nc4 Nb6 14. Na3 Bd7 15. a5 Nc8 16. Nc4 Bb5 17. Qb3 Bxc4 18. Qxc4 Nd7 19. Kh2 Na7 20. f4 Qc8 21. f5 Bd4 22. e3 Be5 23. Ne4 Qd8 24. Qe2 Nb5 25. Kh1 Qe7 26. Qg4 Kg7 27. Ra4 Rf8 28. Rc4 Nc7 29. Qd1 b5 30. axb6 Rxb6 31. Rc2 Rfb8 32. g4 f6 33. g5 fxg5 34. Qg4 h5 35. Qxg5 Qxg5 36. Nxg5 gxf5 37. Rxf5 Nf6 38. Rcf2 h4 39. e4 Bd4 40. R2f4 Re8 41. Nf3 Rxe4 42. Rxf6 Bxf6 43. Rxe4 Nxd5 44. Nxh4 Ne7 45. Nf3 Nf5 46. Rg4+ Kf7 47. Ng5+ Ke7 48. Be4 Nd4 49. Bd5 Be5 50. Nf7 Bf6 51. Nh6 Be5 52. Rg8 Ne2 53. Bg5+ Kd7 54. b3 Nc3 55. Bf7 d5 56. Rd8+ Kc6 57. Be8+ Kb7 58. Nf7 Bc7 59. Rd7 Kc8 60. Rxc7+ Kxc7 61. Bd8+ Kb7 62. Bxb6 Kxb6 63. Ne5 Kc7 64. Kg2 Kd6 65. Nf3 a5 66. h4 Ke7 67. Bc6 Kf6 68. Kh3 Kf5 69. h5 c4 70. bxc4 dxc4 71. Kh4 Ne2 72. Ba4 Nf4 73. Bc2+ Kf6 74. h6 Ne6 75. Kh5 Nf4+ 76. Kg4 Nd3 77. h7 Kg7 78. Ng5 a4 79. Bxa4 Ne5+ 80. Kh5 Ng6 81. Bc2 Nf4+ 82. Kh4 Nd3 83. Kg3 Ne5 84. Kf4 Nd3+ 85. Ke3 Ne5 86. Kd4 Nc6+ 87. Kxc4 Ne7 88. Nf7 Ng6 89. Bxg6 1-0

[Event "Tel Aviv"]
[Site "Tel Aviv"]
[Date "2002.08.12"]
[Round "3"]
[White "Zoler, Dan"]
[Black "Bar, Roman"]
[Result "1-0"]
[WhiteElo "2503"]
[BlackElo "2433"]
[PlyCount "109"]
[EventDate "2002.08.11"]
[Source "ChessBase"]
[SourceDate "2002.09.11"]

1. d4 Nf6 2. c4 e6 3. Nf3 c5 4. d5 exd5 5. cxd5 d6 6. Nc3 g6 7. g3 Bg7 8. Bg2 O-O 9. O-O a6 10. a4 Nbd7 11. Nd2 Re8 12. h3 Rb8 13. Nc4 Nb6 14. Na3 Bd7 15. e4 Nc8 16. Qd3 Qc7 17. Be3 Na7 18. Nc4 b5 19. axb5 Nxb5 20. e5 dxe5 21. Rxa6 Nxc3 22. Qxc3 Bb5 23. Rfa1 Bxa6 24. Rxa6 Nd7 25. d6 Qd8 26. Qd3 Qf6 27. Ra7 Rbd8 28. Bc6 e4 29. Qd5 Re5 30. Nxe5 Nxe5 31. Ra8 Rxa8 32. Bxa8 Bf8 33. d7 Be7 34. Bxc5 Nxd7 35. Bd4 Qf5 36. Qxe4 Qxe4 37. Bxe4 f5 38. Bd5+ Kf8 39. Kf1 Bf6 40. Bxf6 Nxf6 41. Bf3 Ke7 42. Ke2 Kd6 43. Ke3 Nd7 44. Kd4 h6 45. b4 Nb6 46. b5 Nd7 47. Bd5 g5 48. f4 gxf4 49. gxf4 Nb6 50. Bb3 Nd7 51. Bc2 Ke6 52. Bd3 Nb6 53. Kc5 Nd7+ 54. Kc6 Nf6 55. b6 1-0

[Event "III Sants Hostafrancs Open, Barcelona E"]
[Site "?"]
[Date "2001.??.??"]
[Round "?"]
[White "Arkell, K."]
[Black "Moskalenko, V."]
[Result "1/2-1/2"]
[WhiteElo "2430"]
[BlackElo "2505"]
[PlyCount "29"]
[EventDate "2001.??.??"]
[Source "www.chesslib.no"]
[SourceDate "2004.05.04"]

1. d4 e6 2. c4 c5 3. d5 exd5 4. cxd5 d6 5. Nc3 g6 6. Nf3 Bg7 7. g3 Nf6 8. Bg2 O-O 9. O-O Re8 10. Nd2 a6 11. a4 Nbd7 12. Nc4 Nb6 13. Na3 Bf5 14. a5 Nc8 15. Nc4 1/2-1/2